LEADER 01691nam a2200265 4500 001 000000339051 003 CaOOAMICUS 005 20240812095414.0 008 200128s1796 it a 000 u ita r 026 $a26io zae- a-e, daLa (3) 1796 (R) 040 $aSeMil$bita 245 00$aTomo 15. 246 05$aMedicina e chirurgia compresa nelle Transazioni filosofiche della Società reale di Londra, compilata ed illustrata dal signor Gibelin ... 264 1$aVenezia :$bdalla tipografia Pepoliana : presso Antonio Curti q. Giacomo,$c1796. 300 $axvi, 334, [2] p., II c. di tav. ripieg. :$bill. ;$c4° 500 $aSegn.: pg8 A-X8 700 1 $aPinel, Philippe,$d<1745-1826>.$0(OLS)http://semarc/name/110818 700 1 $aFederigo, Gaspare.$0(OLS)http://semarc/name/110819 773 0 $aRoyal society of London$tCompendio delle transazioni filosofiche della società reale di Londra. Opera compilata, divisa per materie, ed illustrata dal signor Gibelin ... e recata in italiano da una società di dotte persone con nuove illustrazioni e tavole in rame.$dVenezia : Dalla nuova veneta stamperia presso Antonio Fortunato Stella, 1793-1798.$g15$w()336115 850 $aSeMil 852 $aSeMil$W1$xVenegono$y1$m3XA II 15 FA$j218117$B230131$CSeMilBibl$Z2$F230131 $8I 996 $6245$aTomo 15.$9(OLS)http://semarc/title/194452 996 $6246$aMedicina e chirurgia compresa nelle Transazioni filosofiche della Società reale di Londra, compilata ed illustrata dal signor Gibelin ... $9(OLS)http://semarc/title/427875 996 $6264$aVenezia :$bdalla tipografia Pepoliana : presso Antonio Curti q. Giacomo$9(OLS)http://semarc/publisher/58800 LEADER 01028nam a2200241 i 4500 001 000000045722 003 CaOOAMICUS 005 20090604000000.0 008 090604s1919 it u000 u ita u 013 $a16892 040 $aSeMil$bita 100 1 $aSorel, Georges,$d<1847-1922>.$0(OLS)http://semarc/name/22241 245 13$aLa religione d'oggi /$cGiorgio Sorel ; traduzione italiana di Agostino Lanzillo con prefazione inedita dell'Autore riveduta e aumentata. 260 $aLanciano :$bR. Carabba,$c1919. 300 $a125 p. ;$c20 cm. 490 0 $aCultura dell'anima ;$v19 650 4$aReligione.$0(OLS)http://semarc/subject/3159 700 1 $aLanzillo, Agostino.$0(OLS)http://semarc/name/22731 830 0$aCultura dell'anima ;$v19.$0(OLS)http://semarc/title/21898 850 $aSeMil 852 $aSeMil$W1$xVenegono$y1$m2A II 203$j11877$B11877$CSeMilBibl$Z2$F11877 $81 996 $6245$aLa religione d'oggi$9(OLS)http://semarc/title/68085 996 $6260$aLanciano :$bR. Carabba$9(OLS)http://semarc/publisher/33110